| 000 | 00659nam a22002057a 4500 | ||
|---|---|---|---|
| 003 | OSt | ||
| 005 | 20250807085209.0 | ||
| 008 | 240521b |||||||| |||| 00| 0 eng d | ||
| 020 | _a9786210450439 | ||
| 040 |
_aDWC-Main Lib. _cOC |
||
| 082 | _aFil. 58.406 Sy979o 2024 | ||
| 100 | _aSy, Maria Victoria U. | ||
| 245 |
_aOrganizational development / _cMaria Victoria U. Sy |
||
| 250 | _aFirst edition. | ||
| 260 |
_aQuezon City, Manila, Philippines : _bRex Bookstore, _cc2024. |
||
| 300 |
_axii, 192 pages : _billustrations ; _c25cm. |
||
| 504 | _aIncludes index. | ||
| 650 | _a1. Organizational development. | ||
| 942 |
_2ddc _cBK - FIL _kFil. _n0 _eFirst edition |
||
| 999 |
_c38 _d38 |
||